[Event "Hamedan 5th"]
[Site "Hamedan"]
[Date "2013.??.??"]
[Round "6.4"]
[White "Taghvaei, Soheila"]
[Black "Shahabi, Milad"]
[Result "0-1"]
[WhiteElo "1450"]
[BlackElo "1919"]
[PlyCount "86"]
[EventDate "2013.12.30"]
[EventType "tourn"]
[EventRounds "11"]
[EventCountry "IRI"]
[SourceTitle "EXT 2024"]
[Source "ChessBase"]
[SourceDate "2023.10.10"]
[SourceVersion "1"]
[SourceVersionDate "2023.10.10"]
[SourceQuality "1"]

1. e4 c5 2. Nc3 Nc6 3. Bc4 Nf6 4. d3 e6 5. Bg5 Be7 6. Nf3 h6 7. Bh4 0-0 8. 0-0 Nxe4 9. Bxe7 Nxc3 10. Bxd8 Nxd1 11. Bf6 gxf6 12. Raxd1 d5 13. Bb3 Bd7 14. Rfe1 Na5 15. Nd2 Nxb3 16. Nxb3 b6 17. Re3 e5 18. c3 d4 19. cxd4 cxd4 20. Rg3+ Kh7 21. Rd2 Rac8 22. h3 Be6 23. Rf3 Bxb3 24. axb3 Kg6 25. Rg3+ Kf5 26. Rf3+ Ke6 27. Rg3 Rg8 28. Rxg8 Rxg8 29. Rc2 Kd7 30. Rc4 Rc8 31. Kf1 Rxc4 32. bxc4 f5 33. Ke2 a5 34. f4 e4 35. dxe4 fxe4 36. g4 Ke6 37. h4 h5 38. f5+ Kf6 39. gxh5 Kg7 40. Kf2 Kh6 41. Kg3 d3 42. Kf2 Kxh5 43. Ke3 Kxh4 0-1

[Event "Hamadan Iran op 11th"]
[Site "Hamadan"]
[Date "2012.07.12"]
[Round "2"]
[White "Shahabi, Milad"]
[Black "Lorparizangeneh, Shahin"]
[Result "0-1"]
[WhiteElo "1928"]
[BlackElo "2195"]
[PlyCount "94"]
[EventDate "2012.07.11"]
[EventType "swiss"]
[EventRounds "11"]
[EventCountry "IRI"]
[SourceTitle "CBM 149 Extra"]
[Source "ChessBase"]
[SourceDate "2012.08.24"]
[SourceVersion "1"]
[SourceVersionDate "2012.08.24"]
[SourceQuality "1"]

1. e4 c5 2. Nf3 d6 3. Nc3 Nf6 4. d4 cxd4 5. Nxd4 Nc6 6. h3 e5 7. Nf3 h6 8. Bc4 Be7 9. 0-0 0-0 10. Qe2 Be6 11. Rd1 Rc8 12. Nd5 Bxd5 13. Bxd5 Nxd5 14. Rxd5 Nb4 15. Rd2 Qc7 16. c3 Na6 17. Rd5 Nc5 18. Qc2 Qc6 19. Be3 Nd7 20. Rdd1 Rfd8 21. a4 Nf6 22. Bxa7 Nxe4 23. a5 Bf6 24. Bb6 Rd7 25. Nd2 Ng5 26. Qf5 d5 27. Nb3 g6 28. Qd3 Ne6 29. Be3 Kg7 30. a6 bxa6 31. Rxa6 Qc4 32. Qxc4 Rxc4 33. Na5 Ra4 34. b4 d4 35. cxd4 exd4 36. Bd2 d3 37. b5 Nc5 38. Rc6 Ne4 39. b6 Nxd2 40. b7 Be5 41. Rc5 Bb8 42. Nc6 Rxb7 43. Nxb8 Nb3 44. Rc8 d2 45. Nc6 Ra1 46. Rxa1 Nxa1 47. Rd8 Rb1+ 0-1